Las opiniones de Espeusipo acerca de los primeros principios de las cosas examinadas a la luz de los textos aristotélicos / (Record no. 87953)

MARC details
000 -LEADER
campo de control de longitud fija 00797nam a2200193 i 4500
001 - NÚMERO DE CONTROL
campo de control 87953
003 - IDENTIFICADOR DE NÚMERO DE CONTROL
campo de control ES-MaACL
005 - FECHA Y HORA DE LA ÚLTIMA TRANSACCIÓN
campo de control 20230906175755.0
007 - CAMPO FIJO DE DESCRIPCIÓN FÍSICA--INFORMACIÓN GENERAL
campo de control de longitud fija t|
008 - DATOS DE LONGITUD FIJA--INFORMACIÓN GENERAL
campo de control de longitud fija 041229s1968 ag ||||1| spa d
100 1# - ENTRADA PRINCIPAL--NOMBRE DE PERSONA
Nombre de persona Ravaisson, Félix.
9 (RLIN) 95571
245 14 - MENCIÓN DEL TÍTULO
Título Las opiniones de Espeusipo acerca de los primeros principios de las cosas examinadas a la luz de los textos aristotélicos /
Mención de responsabilidad, etc. Félix Ravaisson-Mollien [seud.] ; traducción de Ignacio Granero . La tesis de Félix Ravaisson-Mollien sobre Espeusipo / Arturo Andrés Roig.
260 ## - PUBLICACIÓN, DISTRIBUCIÓN, ETC.
Lugar de publicación, distribución, etc. Mendoza :
Nombre del editor, distribuidor, etc. [s.n.],
Fecha de publicación, distribución, etc. 1968.
300 ## - DESCRIPCIÓN FÍSICA
Extensión 64 p. ;
Dimensiones 22 cm.
700 1# - ENTRADA AGREGADA--NOMBRE PERSONAL
Nombre de persona Granero, Ignacio.
9 (RLIN) 59626
700 1# - ENTRADA AGREGADA--NOMBRE PERSONAL
Nombre de persona Roig Andrés, Arturo.
9 (RLIN) 99009
740 3# - ENTRADA AGREGADA--TÍTULO RELACIONADO/ANALÍTICO NO CONTROLADO
Título relacionado o analítico no controlado La tesis de Félix Ravaisson-Mollien sobre Espeusipo.
852 ## - LOCALIZACIÓN
Ubicación ES-MaACL
Número de control de estantería C-35537
Sublocalización o colección R.69228
Holdings
Estatus retirado Estado de pérdida Estado de daño No para préstamo Biblioteca de origen Biblioteca actual Ubicación en estantería Fecha de adquisición Fuente de adquisición Total de préstamos Signatura topográfica completa Código de barras Visto por última vez Precio de reemplazo Tipo de ítem Koha
        Biblioteca del Ateneo de Madrid Biblioteca del Ateneo de Madrid Depósito 2 17/01/2008     C-35537 1091877 23/02/2023 23/02/2023 Libro impreso